| 000 | 01026nam a22002537a 4500 | ||
|---|---|---|---|
| 008 | 081119t xxu||||| |||| 00| 0 eng d | ||
| 010 | _aENG-91656 | ||
| 020 |
_a9788190738583 _c700.00 |
||
| 035 | _aEN-75189 | ||
| 037 | _bDBAD / PUB | ||
| 040 |
_adpl _bEnglish |
||
| 082 | _a305.43320954 | ||
| 100 | _aBhandari, Ramesh | ||
| 245 |
_aRole and status of women in new Panchayati Raj system: _cby Ramesh Bhandri _b(decentralisation and rural development) / |
||
| 260 |
_aNew Delhi _bAlfa Publications _c2009 |
||
| 270 |
_a4398/5, Ansari Road, Daryaganj, _bNew Delhi _e110002 |
||
| 300 |
_av, 288p. _c22cm (Hb) |
||
| 500 | _aIncludes bibliographical references | ||
| 650 |
_aWomen in politics _zIndia |
||
| 650 |
_aWomen in development _zIndia |
||
| 650 |
_aPanchayat _zIndia |
||
| 942 |
_2ddc _cEN _mBHA _h305.43320954 |
||
| 999 |
_c18668 _d18668 |
||